Statistics for Countries, US States, Capitals, Elements, 100 Most Common Words: by Unique 2-Letters Block

Click here to take the quiz!

General Stats

  • This quiz has been taken 488 times
    (243 since last reset)
  • The average score is 42 of 91

Answer Stats

__ANSWER% Correct
CZCzech Republic
93%
QAQatar
91%
CYCyprus
90%
AQIraq
90%
EQEquatorial Guinea
86%
BHBhutan
84%
LJLjubljana
83%
WYWyoming
82%
DDAddis Ababa
81%
OXOxygen
79%
ZZBrazzaville
78%
FGAfghanistan
77%
AAUlaanbaatar
75%
MMAmman
73%
EUEuropium
73%
IIHawaii
73%
BWZimbabwe
72%
GKBangkok
71%
XYOxygen
70%
TBTbilisi
68%
YZKyrgyzstan
67%
IQMozambique
67%
HYHydrogen
66%
UPUp
66%
UYGuyana
60%
PJSkopje
59%
TWTwo
57%
ZBUzbekistan
56%
IXPhoenix
54%
KNKnow
53%
NJBanjul
52%
XATexas
52%
FFJefferson City
51%
TVLatvia
51%
NZTanzania
51%
HDBaghdad
50%
GWLilongwe
50%
OZMozambique
50%
ZSKyrgyzstan
49%
YBMolybdenum
49%
DMCadmium
47%
GLBangladesh
46%
FNHafnium
46%
FTAfter
45%
YKReykjavík
44%
DTDarmstadtium
43%
KJReykjavík
43%
NRMonrovia
41%
IYRiyadh
41%
UJAbuja
40%
EZVenezuela
39%
EFJefferson City
38%
WRLawrencium
38%
YDHydrogen
37%
BDMolybdenum
37%
ZOArizona
36%
BNDubnium
36%
KFFrankfort
35%
AEIsrael
35%
KCNouakchott
35%
YCSeychelles
35%
TFHartford
33%
KMTurkmenistan
33%
ZUVenezuela
33%
NVDenver
32%
YINaypyidaw
32%
SNBosnia and Herzegovina
30%
TZSwitzerland
30%
EHTehran
30%
HVNashville
29%
YGOxygen
29%
TPMontpelier
28%
RZBosnia and Herzegovina
26%
LHNew Delhi
26%
RFRutherfordium
26%
HGAshgabat
25%
LCCalcium
25%
UOFluorine
24%
GFSpringfield
24%
LPTegucigalpa
22%
IWTaiwan
21%
HSKazakhstan
20%
HTLiechtenstein
18%
LFSulfur
18%
MFBloemfontein
17%
GNMagnesium
16%
GDUnited Kingdom
15%
PSNew Hampshire
11%
HLChlorine
10%
KSJackson
10%
IHNihonium
10%

Score Distribution

Percentile by Number Answered

Percent of People with Each Score

Your Score History

You have not taken this quiz since the last reset